000 00546nam a2200193Ia 4500
008 200601s9999 xx 000 0 und d
020 _a978-0-00-720882-1
050 _aREF PC 4640
050 _b.C65 2007
245 0 _aCollins Spanish dictionary /
260 _aGreat Britain :
260 _bHarperCollins,
260 _c2007
300 _a850 pages :
300 _c16 cm.
650 _aSpanish language -- Dictionaries -- English.
650 _aSpanish language -- Grammar.
650 _xEnglish language -- Dictionaries -- Spanish.
999 _c363387
_d363387